Scottish National League Teams (SNL) - Statistics

General Stats
  • This quiz has been taken 7 times
  • The average score is 6 of 8
Answer Stats
City Team % Correct
Aberdeen Aberdeen Lynx
100%
Glasgow / Renfrew Paisley Pirates
100%
Edinburgh Edinburgh Capitals
80%
Kilmarnock Kilmarnock Thunder
80%
Kirkcaldy Kirkcaldy Kestrels
80%
Stevenston North Ayrshire Wild
80%
Dundee Dundee Comets
60%
Dundee Dundee Tigers
40%
No matching quizzes found
Score Distribution
Percent of People with Each Score
Percentile by Number Answered
Your Score History
You have not taken this quiz